000 00594cam a2200205 4500500
005 20260405003343.0
041 _afre
042 _adc
100 1 0 _aPortevin, Catherine
_eauthor
245 0 0 _aLes Épreuves de la vie
260 _c2021.
500 _a54
690 _aAffect
690 _aClasses
690 _aGilets jaunes
690 _aPierre Rosanvallon
690 _aPolitique
786 0 _nPhilosophie magazine | 152 | 9 | 2021-09-01 | p. 82-82 | 1951-1787
856 4 1 _uhttps://shs.cairn.info/magazine-philosophie-magazine-2021-9-page-82?lang=fr&redirect-ssocas=7080
999 _c2066767
_d2066767